Quizzes
Events
Quiz Creation
Community
Videos
Private Events
Remove Ads
Sign In
Join for FREE
Feedback
Dark Mode
Quiz Categories
Sports
Geography
Music
Movies
Television
Just For Fun
Miscellaneous
History
Literature
Language
Science
Gaming
Entertainment
Religion
Holiday
For Kids
Quiz Lab
Recent
Popular Today
Quiz Kudos Today
Editor Picks
Curator Picks
Quizzes by...
Day
Popularity
Type
Ratings
Length
Year
Community
Subscriptions
Recent Discussions
Orange Saloon
Badges
Playlists
Quests
Create
Leaderboards
Showdown
Live 5
Trivia Bingo
Activity
Puzzle Library
Sporcle Events
Private Events
Virtual Trivia
Globe League
Become a Host
Pub Owners
SporcleCon
Opinionation
Our Games
Videos
Blog
Mobile Apps
Partnerships
Remove Ads and Go Orange
Feedback
Television
TV Characters
TV Show
Sitcom
Network
Friends
Reality Shows
Cast
South Park
Star Trek
The Simpsons
Doctor Who
Television
TV Characters
TV Show
Sitcom
Network
Friends
Reality Shows
Cast
South Park
Star Trek
The Simpsons
Doctor Who
Random Quiz
Search Sporcle
×
Quiz Lab
Quiz Lab
Television
doctor
Type in answers that appear in a list
Type in answers that appear in a list
Classic
Best Score? Go Orange.
Name the full Doctor Who Episode by Abbreviation Stats
Name the full Doctor Who Episode based on its abbreviation?
By
jbxjuanxhm13
10m
23 Questions
24 Plays
24 Plays
24 Plays
Comments
Comments
Give Quiz Kudos
Give Quiz Kudos
-
- Ratings
hide this ad
Replay
Link that replays current quiz
Next Quiz
Link to next quiz in quiz playlist
You Got
0%
They Got
Avg Score
75%
Avg Friend Score
Upgrade to see
Score Distribution
Jump to the score distribution portion of the page
Score
0/23
Timer
10:00
0
Plays Today
Hint
Answer
% Correct
TDoTD
The Day of the Doctor
100%
JE
Journey's End
91.7%
TEoTW
The End of the World
91.7%
UtL
Under the Lake
91.7%
DiH
Death in Heaven
91.7%
VotD
Voyage of the Damned
87.5%
TVoV
The Vampires of Venice
83.3%
TND
The Next Doctor
83.3%
TDTWTW
The Doctor, The Widow and The Wardrobe
79.2%
TDD
The Doctor Dances
79.2%
TUaTW
The Unicorn and The Wasp
79.2%
SITL
Silence in the Library
79.2%
Hint
Answer
% Correct
HN
Human Nature
75%
ACC
A Christmas Carol
75%
TMA
The Magician's Apprentice
70.8%
TSE
The Stolen Earth
70.8%
FD
Father's Day
66.7%
DotM
Day of the Moon
66.7%
TIA
The Impossible Astronaut
62.5%
AoG
Army of Ghosts
62.5%
HB
Hell Bent
58.3%
TATM
The Angels Take Manhattan
50%
TPO
The Pandorica Opens
50%
Quiz Playlist
Details
Report
Send in Message
Add To Playlist
Classic:
Type in answers that appear in a list
Last Updated: Feb 16, 2017
Quiz Scoreboard
CHALLENGE
Sign Up to Join the Scoreboard
Show All
Scores
Hide
Comments
May contain spoilers
Recently Published
Movies - When Are They Set?
by FPL_Elf
Movies
5m
Popular People in 1961
by mucciniale
History
6m
1-10 Letter E Words III
by El_Dandy
Language
2m
More to Explore
Quiz From the Vault
Featured Blog Post
Where Did the Easter Bunny Come From?
hide this ad
You Might Also Like...
Tags
doctor
episode
full
Today's Top Quizzes in Television
Browse Television
hide this ad
Today's Top Quizzes in doctor
Browse doctor
Top Contributed Quizzes in Television
1
One Piece Logic Puzzle
2
Survivor Logic Puzzle: Heroes vs. Villains
3
Survivor Seasons
4
Survivor Season by Logo
5
Survivor Trivia
6
Survivor Logic Puzzle: Winners at War
7
Ultimate Survivor Logic Puzzle
8
Phoebe Buffay Quotes
9
One Thing in Common: Television
10
Who Wants to Be a Millionaire?
Explore More
Trending Topics
Disney
Kpop
NBA
Anime
Marvel
Harry Potter
Crossword
The Office
Country
Puzzle
Song
Pokémon
Soccer
WWE
NFL
hide this ad
More By:
jbxjuanxhm13
Quiz
Plays
Rating
Category
Featured
Created
Name the full Doctor Who Episode by Abbreviation
24
Television
Dec 18, 2015
Go to Creator's Profile
Score Distribution
Quiz Creator Spotlight
jbxjuanxhm13
Follow
Send a Message
Quizzes Created
-
Created Quiz Play Count
-
More By This Creator
Popular Quizzes Today
1
Find the US States - No Outlines Minefield
2
Find the Countries of Europe - No Outlines Minefield
3
The Countries of the World
4
Popular People in 1961
5
1-10 Letter E Words III
6
US States
7
Find the US States
8
One Thing in Common: World Cities II
More Television Quizzes
most overrated tv shows of all time
Quiz Lab
Trending Quizzes
Risky Map Clicking: Least Populous States A-Z
1-10 Letter F Words
Humor Books: The Subtitles
1-10 Letter G Words
One Thing in Common: United Kingdom
Recently Updated
Leaping Animals
pecheneg
Reality TV Shows (A-Z)
bhenderson79
Rickey Henderson's Hall of Fame Teammates
pecheneg
Champions League XIs: Arsenal
pecheneg
Quick Pick: Celebrities in WWE's Hall of Fame
aduchscher
A-Z Keypad Blitz II
pecheneg
Multiple Oscar Actors
pecheneg
Mystery Phrase Blitz: Oscar 'Best Actors'
pecheneg
F. Scott Fitzgerald Novels
LTH
Pick 3 Villains
ddd62291
Trending Topics
Anime
Marvel
Kpop
NBA
Harry Potter
Crossword
Disney
NFL
The Office
Puzzle
Country
Soccer
WWE
Pokémon
Song
Your Account Isn't Verified!
In order to create a playlist on Sporcle, you need to verify the email address you used during registration. Go to your
Sporcle Settings
to finish the process.
Report this User
Report this user for behavior that violates our
Community Guidelines
.
Details:
Send Report
Go to the Sporcle.com Mobile Site →
Comments